Municipalités (Baladiyat) du Qatar sur une carte - Statistiques

Statistiques générales
  • Ce quiz a été pris 31 fois
  • Le résultat moyen est 2 sur 8
Réponses sur la Carte
Les réponses sont colorées sur une échelle allant du rouge au vert en fonction du pourcentage des utilisateurs qui les ont devinées à leur premier essai. Vous pouvez retrouver ces pourcentages ci-dessous.
 
Statistiques - réponses
Municipalité % Correct
Ad-Dawhah
100%
Al Khawr
25%
Al Rayyan
25%
Al Wakrah
25%
Al Daayen
17%
Al-Shahaniya
17%
Al Shamal
17%
Umm Salal
17%
Aucun quiz correspondant
Distribution des résultats
% des personnes avec chaque résultat
Percentile par nombre de réponses
Votre historique - résultats
Vous n’avez pas pris ce quiz